00834nam a2200229 a 450000100060000000300080000600500170001400800410003103500190007204000330009104100080012408200220013210000280015424500880018226001050027030000290037533600260040433700280043033800270045865000650048570000540055086008BD-RjUL20251130150831.0251130s19531937mau 000 0 eng  a(BD-RjUL)86008 aDLCcCarPdDLCdBD-RjULbeng aeng 223a875bLOC 19531 aCicero, Marcus Tullius.04aThe speeches :bwith an English translation /cMarcus Tullius Cicero, Louis E. Lord aCambridge, Mass. ;aLondon :bHarvard university press;bW. Heinemann, ltd.,c1937, [reprinted 1953] avii, 485, [1] p.c17 cm. atextbtxt2rdacontent aunmediatedbn2rdamedia avolumebnc2rdacarrier 0aSpeeches, addresses, etc., LatinvTranslations into English.1 aLord, Louis E.q(Louis Eleazer),d1875-1957,etr.